Vikalpa the journal of decision makers (Record no. 24389)

MARC details
000 -LEADER
fixed length control field 01200cas a2200385 4500
001 - CONTROL NUMBER
control field 11205670
005 - DATE AND TIME OF LATEST TRANSACTION
control field 20130724165545.0
008 - FIXED-LENGTH DATA ELEMENTS--GENERAL INFORMATION
fixed length control field 780913c19769999ii qrzp 0 b0eng
010 ## - LIBRARY OF CONGRESS CONTROL NUMBER
LC control number 76913522
022 ## - INTERNATIONAL STANDARD SERIAL NUMBER
International Standard Serial Number 0256-0909
035 ## - SYSTEM CONTROL NUMBER
System control number (OCoLC)ocm04220479
037 ## - SOURCE OF ACQUISITION
Source of stock number/acquisition Vastrapur, 380015
040 ## - CATALOGING SOURCE
Original cataloging agency DLC
Transcribing agency DLC
Modifying agency AIP
-- NST
-- NSDP
-- NST
-- DLC
-- DNLM
-- OCoLC
042 ## - AUTHENTICATION CODE
Authentication code lc
-- nsdp
050 ## - LIBRARY OF CONGRESS CALL NUMBER
Classification number HD28
Item number .V53
082 ## - DEWEY DECIMAL CLASSIFICATION NUMBER
Classification number 658.40305
210 ## - ABBREVIATED TITLE
Abbreviated title Vikalpa
222 ## - KEY TITLE
Key title Vikalpa
245 ## - TITLE STATEMENT
Title Vikalpa the journal of decision makers
260 ## - PUBLICATION, DISTRIBUTION, ETC. (IMPRINT)
Place of publication, distribution, etc Ahmedabad,
Name of publisher, distributor, etc Indian Institute of Management.
300 ## - PHYSICAL DESCRIPTION
Extent v.
Other physical details ill.
Dimensions 27 cm.
310 ## - CURRENT PUBLICATION FREQUENCY
Current publication frequency Quarterly
362 ## - DATES OF PUBLICATION AND/OR SEQUENTIAL DESIGNATION
Dates of publication and/or sequential designation v. 1- Jan. 1976-
500 ## - GENERAL NOTE
General note "The journal for decision makers."
546 ## - LANGUAGE NOTE
Language note In English.
590 ## - LOCAL NOTE (RLIN)
Local note SERBIB/SERLOC merged record
650 ## - SUBJECT ADDED ENTRY--TOPICAL TERM
Topical term or geographic name as entry element Management
Form subdivision Periodicals.
650 ## - SUBJECT ADDED ENTRY--TOPICAL TERM
Topical term or geographic name as entry element Decision making
Form subdivision Periodicals.
710 ## - ADDED ENTRY--CORPORATE NAME
Corporate name or jurisdiction name as entry element Indian Institute of Management, Ahmedabad, India.
270 ## - ADDRESS
City Ahmedabad
Postal code 380015
906 ## - LOCAL DATA ELEMENT F, LDF (RLIN)
a 7
b cbc
c serials
d 4
e ncip
f 19
g n-oclcserc
936 ## - OCLC/CONSER MISCELLANEOUS DATA (OCLC); PIECE USED FOR CATALOGING (pre-AACR2) (RLIN)
OCLC control number(s) of parallel record(s) (OCLC); Piece used for cataloging, PUC (RLIN) Jan. 1976
942 ## - ADDED ENTRY ELEMENTS (KOHA)
Source of classification or shelving scheme Dewey Decimal Classification
Item type Periodicals
Classification part 658.40305
Call number suffix VIK
Serial record 1
Holdings
Withdrawn status Lost status Source of classification or shelving scheme Damaged status Not for loan Collection code Home library Current library Date acquired Total Checkouts Full call number Date last seen Price effective from Koha item type
    Dewey Decimal Classification   Not For Loan Non-fiction D.B.Act.Division D.B.Act.Division 26/02/2009   658.40305 VIK 26/02/2009 26/02/2009 Periodicals

© Delhi Public Library
Hit Counter
free hit counter